Normal view
MARC view
Entry Personal Name
001 - CONTROL NUMBER
- control field: 50388
003 - CONTROL NUMBER IDENTIFIER
- control field: dpl
005 - DATE AND TIME OF LATEST TRANSACTION
- control field: 20120724143645.0
008 - FIXED-LENGTH DATA ELEMENTS
- fixed length control field: 120724|||a|||||| | ||| d
040 ## - CATALOGING SOURCE
- Original cataloging agency: dpl
- Transcribing agency: dpl
100 ## - HEADING--PERSONAL NAME
- Personal name: Kundera Milan
670 ## - SOURCE DATA FOUND
- Source citation: Work cat.: (dpl)68560: Kundera Milan, The Unbearable Lightness of being, 2003
670 ## - SOURCE DATA FOUND
- Source citation: Work cat.: (dpl)68560: Kundera Milan, The Unbearable Lightness of being, 2003
